000 01945cam a2200481 i 4500
001 18659272
003 FISKH
005 20230207084033.0
008 150611s2015 nyu c 000 1 eng c
010 _a 2015013966
020 _a9781338135329
040 _aNJQ/DLC
_beng
_cNJQ
_erda
_dDLC
042 _alcac
_apcc
043 _an-us-tn
050 0 0 _aPZ7
_b.T97 Las 2015
082 0 4 _a813.6
_223
100 1 _aTyre, Lisa Lewis,
_eauthor.
245 1 0 _aLast in a long line of rebels /
_cLisa Lewis Tyre.
264 1 _aNew York, NY :
_bNancy Paulsen Books, An Imprint of Penguin Group (USA),
_c[2015]
300 _a279 p.
_c20 cm.
336 _atext
_2rdacontent
337 _aunmediated
_2rdamedia
338 _avolume
_2rdacarrier
520 _aWhen the city of Zollicoffer, Tennessee, where her family lives, announces plans to seize their one hundred seventy-five year old house through eminent domain, twelve-year-old Louise Mayhew needs to come up with a way to save it--and her ancestor's Civil War diary linking the house to the Underground Railroad, as well as a hidden treasure, seem to offer her family the best chance of saving their home.
521 _a660
_bLexile
521 _a Q
_bRaz-Paz
650 0 _aUnderground Railroad
_zTennessee
_vJuvenile fiction.
650 0 _aEminent domain
_vJuvenile fiction.
650 0 _aHistoric buildings
_vJuvenile fiction.
650 0 _aFamilies
_zTennessee
_vJuvenile fiction.
650 0 _aDiaries
_vJuvenile fiction.
650 0 _aTreasure troves
_vJuvenile fiction.
650 1 _aUnderground Railroad
_vFiction.
650 1 _aEminent domain
_vFiction.
650 1 _aHistoric buildings
_vFiction.
650 1 _aFamily life
_zTennessee
_vFiction.
650 1 _aDiaries
_vFiction.
650 1 _aBuried treasure
_vFiction.
651 0 _aTennessee
_vJuvenile fiction.
651 1 _aTennessee
_vFiction.
906 _a7
_bcbc
_corignew
_d1
_eecip
_f20
_gy-gencatlg
942 _2lcc
_cBK
_n0
999 _c15
_d15